[Event "SVR-op"]
[Site "Trier"]
[Date "2016.03.25"]
[Round "6"]
[White "Kick, Nicolas"]
[Black "Arbin, Vasilii"]
[Result "0-1"]
[WhiteElo "743"]
[BlackElo "1641"]
[PlyCount "64"]
[EventDate "2016.03.19"]
[EventType "swiss"]
[EventRounds "7"]
[EventCountry "GER"]
[SourceTitle "CBM 171 Extra"]
[Source "ChessBase"]
[SourceDate "2016.04.26"]
[SourceVersion "1"]
[SourceVersionDate "2016.04.26"]
[SourceQuality "1"]

1. d4 d5 2. e3 e6 3. c4 Nf6 4. c5 Be7 5. Nc3 0-0 6. Qb3 c6 7. Nf3 Nbd7 8. Bd3 Qc7 9. 0-0 e5 10. Bc2 e4 11. Nh4 Ng4 12. g3 Bxh4 13. h3 Nxf2 14. Rxf2 Bxg3 15. Rg2 Nf6 16. Ne2 Nh5 17. Nxg3 Nxg3 18. Kf2 Nf5 19. Bd2 Nh4 20. Rg3 Nf3 21. Bd1 Nxd2 22. Qc3 Nc4 23. Be2 b5 24. Rag1 g6 25. h4 f5 26. h5 f4 27. Rg5 f3 28. Bxc4 Qh2+ 29. Kf1 bxc4 30. Qe1 Bh3+ 31. R5g2 Bxg2+ 32. Rxg2 Qxg2# 0-1